000 01027nam0a2200289 4500
001 RU\NLR\bibl\1656779
005 20260406110809.0
010 _a978-5-9567-1073-9
_910000
021 _aRU
_b2010-45252
_93024
035 _a(NLR Aleph) 001648079
090 _a904182
_c904182
100 _a20100720d2010 |||y0rusy50 ca
101 0 _arus
102 _aRU
105 _ay |||||||||
200 1 _aСамые вкусные блюда из свинины
_e[рецепты
_fсост.: Скиба Тамара Викторовна]
210 _aРостов-на-Дону
_cВладис
_d2010
215 _a64 с.
_d20
225 1 _aИскусство кулинарии
606 1 _aБлюда из свинины
_xРецептура
_91599229
_3RU\NLR\auth\661002102
686 _aЛ992.3
702 1 _4220
_8rus
_7ca
_aСкиба
_bТ. В.
_gТамара Викторовна
_3RU\NLR\auth\77112548
_995473
801 0 _aRU
_bNLR
_c20100720
_gRCR
801 1 _aRU
_bNLR
_c20100720
942 _cBOOK
980 _aNB